| 000 | 00950cab a2200229 4500 | ||
|---|---|---|---|
| 001 | E2225 | ||
| 008 | 090401t1995 xxu||||| |||| 00| 0 eng d | ||
| 035 | _a(Sirsi) u38239 | ||
| 041 | _aeng | ||
| 245 | _aWaverley Housing Trust Ltd v Roxburgh District Council | ||
| 260 | _c1995 | ||
| 350 | _a0 | ||
| 490 |
_aScots Law Times _v1995 SLT(Lands Tr), 2-6(5) |
||
| 520 | _aLands Tribunal for Scotland. Lord Elliott, A.R. MacLeary. 23 December 1992. Landlord and tenant - public sector housing sale to approved landlord - conditions of sale - right of pre-emption - whether prevented purchaser receiving "good and marketable title" - whether reasonable - Housing (Scotland) Act 1988 (c43), ss58 and 63. | ||
| 650 | _aHOUSING (SCOTLAND) ACT 1988 | ||
| 650 | _aLANDS TRIBUNAL FOR SCOTLAND | ||
| 650 | _aLTS | ||
| 650 | _aPUBLIC SECTOR HOUSING | ||
| 690 | _aLANDLORD AND TENANT-CASE LAW-RESIDENTIAL TENANCIES | ||
| 942 | _n0 | ||
| 948 | _c04/03/1997 | ||
| 999 |
_c24570 _d24570 |
||